000 00637nam a2200193Ia 4500
003 GCL
008 140319s9999 xx 000 0 ara d
040 _aGCL /
_cGCL
082 0 4 _a832
_bش ص
100 1 _aعبدالرحمن بدوى
245 1 0 _aاللصوص (هدية من الاديب عبدالفتاح الجمل) /
_cعبدالرحمن بدوى
700 1 _aشلر، فريدرش
300 _a247 ص
490 _aمن المسرح العالمى
_v0
650 0 4 _aالمسرحيات الالمانية
650 0 4 _aالادب الالمانى المترجم
650 0 4 _aالمسرح العالمى
942 _2ddc
_cBK
999 _c45553
_d45553